Radiative transfer (Record no. 16286)

MARC details
000 -LEADER
fixed length control field 00621nam a2200205Ia 4500
003 - CONTROL NUMBER IDENTIFIER
control field IN-BaIIA
008 - FIXED-LENGTH DATA ELEMENTS--GENERAL INFORMATION
fixed length control field 211028s9999 xx 000 0 eng d
020 ## - INTERNATIONAL STANDARD BOOK NUMBER
International Standard Book Number 0-486-60590-6
040 ## - CATALOGING SOURCE
Transcribing agency IIA Library
080 ## - UNIVERSAL DECIMAL CLASSIFICATION NUMBER
Universal Decimal Classification number 524.3-64
Item number CHA
100 ## - MAIN ENTRY--PERSONAL NAME
Personal name Chandrasekhar, S.
9 (RLIN) 1248
245 #0 - TITLE STATEMENT
Title Radiative transfer
Statement of responsibility, etc. S. Chandrasekhar
260 ## - PUBLICATION, DISTRIBUTION, ETC.
Place of publication, distribution, etc. New York
Name of publisher, distributor, etc. Dover Publications
Date of publication, distribution, etc. 1960
300 ## - PHYSICAL DESCRIPTION
Extent xiv, 393p.
650 ## - SUBJECT ADDED ENTRY--TOPICAL TERM
Topical term or geographic name entry element Isotopic scatering
9 (RLIN) 30138
650 ## - SUBJECT ADDED ENTRY--TOPICAL TERM
Topical term or geographic name entry element Principles of invariance
9 (RLIN) 12834
650 ## - SUBJECT ADDED ENTRY--TOPICAL TERM
Topical term or geographic name entry element Quadrature formulae
9 (RLIN) 12835
650 ## - SUBJECT ADDED ENTRY--TOPICAL TERM
Topical term or geographic name entry element The H-Functions
9 (RLIN) 27578
942 ## - ADDED ENTRY ELEMENTS (KOHA)
Koha item type Books
Holdings
Withdrawn status Lost status Damaged status Not for loan Home library Current library Shelving location Date acquired Source of acquisition Cost, normal purchase price Total Checkouts Full call number Barcode Date last seen Cost, replacement price Price effective from Koha item type Purchase Price
        IIA Library-Bangalore IIA Library-Kodaikanal General Stacks 13/11/2006 ANJ 811.35   524.3-64/ CHA 17208 05/11/2021 811.35 13/11/2006 Books Rs. 811.35

Powered by Koha